000 01122nam a22002777a 4500
999 _c29543
_d29514
003 EG-ScBUE
005 20211003115127.0
008 210929s2003 ua ao f b 000 0bara d
017 _a2003/5860
040 _aEG-ScBUE
_bara
_erda
_cEG-ScBUE
_dEG-ScBUE
082 0 4 _a320.5092
_bش ر ي
_222
100 1 _aالشريف، صلاح الدين،
_eمؤلف.
245 1 0 _aمن رواد الفكر الغربي :
_bمونتيسكو .. وآخرون! : حتى مطالع القرن العشرين /
_cبقلم صلاح الدين الشريف.
264 3 _aالقاهرة :
_bمطبعة أبناء حسان وهبة،
_c[2003]
300 _a161 صفحة :
_bإيضاحيات، صور ؛
_c20 سم
336 _2rdacontent
_aنص
_btxt
337 _2rdamedia
_aبدون وسيط
_bn
338 _2rdacarrier
_aمجلد
_bnc
504 _aيشتمل على إرجاعات ببليوجرافية.
541 _cDonation.
600 0 7 _aمونتسكيو،
_d1689-1755.
_2BUEsh
650 7 _a‪السياسيون
_vتراجم.
_2BUEsh
653 7 _aBUEsh
_bGGEN
_cSeptember2021
655 7 _2BUEsh
_vReading book
_934232
942 _2ddc